|
|
|
|
| LEADER |
02890nam a22003975i 4500 |
| 001 |
978-1-4471-4441-0 |
| 003 |
DE-He213 |
| 005 |
20150519180642.0 |
| 007 |
cr nn 008mamaa |
| 008 |
131101s2014 xxk| s |||| 0|eng d |
| 020 |
|
|
|a 9781447144410
|9 978-1-4471-4441-0
|
| 024 |
7 |
|
|a 10.1007/978-1-4471-4441-0
|2 doi
|
| 040 |
|
|
|d GrThAP
|
| 050 |
|
4 |
|a R1
|
| 072 |
|
7 |
|a MB
|2 bicssc
|
| 072 |
|
7 |
|a MED000000
|2 bisacsh
|
| 082 |
0 |
4 |
|a 610
|2 23
|
| 245 |
1 |
0 |
|a Evidence-Based Cardiology Consult
|h [electronic resource] /
|c edited by Kathleen Stergiopoulos, David L. Brown.
|
| 264 |
|
1 |
|a London :
|b Springer London :
|b Imprint: Springer,
|c 2014.
|
| 300 |
|
|
|a XX, 578 p. 162 illus., 110 illus. in color.
|b online resource.
|
| 336 |
|
|
|a text
|b txt
|2 rdacontent
|
| 337 |
|
|
|a computer
|b c
|2 rdamedia
|
| 338 |
|
|
|a online resource
|b cr
|2 rdacarrier
|
| 347 |
|
|
|a text file
|b PDF
|2 rda
|
| 520 |
|
|
|a This book addresses the increasing demands on cardiology clinicians to manage complex patients with pregnancy, cancer, noncardiac surgery, systemic diseases and concurrent cardiac problems . It provides an up-to-date, detailed, evidence-based approach to key issues facing the consultant including practical clinical advice on the prevention, diagnosis, and treatment of heart disease. Evidence-Based Cardiology Consult addresses the issues specific and relevant to a cardiology consultation and focuses on cardiac issues in both the general medical patient and in specific populations. Topics covered include: · The evaluation of chest pain, acute coronary syndromes, heart failure, infective endocarditis, sudden cardiac death, and imaging in cardiology consultation · Cardiac problems in women, the elderly and athletes · Cardiovascular disease in patients with chronic kidney disease and neurologic disease · Pregnancy-related cardiac diseases · Cardio-oncology, including cardiac disease resulting from chemotherapy and radiation in oncology patients. This book is a key practical resource for the management of patients with cardiac disease whether it be the primary diagnosis or as a result of other medical conditions. Therefore this is a must read for cardiology trainees and practicing cardiologists, neurologists, physicians in maternalfetal medicine, oncology, nephrology, radiology, and those who participate in preventative medicine programs.
|
| 650 |
|
0 |
|a Medicine.
|
| 650 |
1 |
4 |
|a Medicine & Public Health.
|
| 650 |
2 |
4 |
|a Medicine/Public Health, general.
|
| 700 |
1 |
|
|a Stergiopoulos, Kathleen.
|e editor.
|
| 700 |
1 |
|
|a Brown, David L.
|e editor.
|
| 710 |
2 |
|
|a SpringerLink (Online service)
|
| 773 |
0 |
|
|t Springer eBooks
|
| 776 |
0 |
8 |
|i Printed edition:
|z 9781447144403
|
| 856 |
4 |
0 |
|u http://dx.doi.org/10.1007/978-1-4471-4441-0
|z Full Text via HEAL-Link
|
| 912 |
|
|
|a ZDB-2-SME
|
| 950 |
|
|
|a Medicine (Springer-11650)
|